Представление документа в формате RUSMARC

ПолеНазваниеЗначение
  Тип записи a
  Библиографический уровень a
001 Контрольный номер RU/CBS_Ul/BASE/500636476
005 Дата корректировки 20260417150543.4
100 Данные общей обработки __
a Данные общей обработки 20151112d2015 ||| 0rusy0189 ca
101 Язык документа 0_
a Язык текста rus
102 Страна публикации __
a Страна публикации RU
105 Кодированные данные (монография) __
a Кодированные данные (монография) y###||||000|y
200 Заглавие и сведения об ответственности 1_
a Заглавие Легенда № 18
b Общее обозначение материала Текст
e Сведения, относящиеся к заглавию ["Комсомолка" встретилась с прославленным ульяновским хоккеистом Николаем Афанасенко]
f Первые сведения об ответственности А. Алексеев
300 Общие примечания __
a Общие примечания Ограничения по возрасту - 16+
461 Уровень набора _0
1 2000
a Комсомольская правда
463 Уровень физической единицы _0
1 001RU/CBS_Ul/BASE/500635877
1 2000
a № 46т (11-18 нояб.)
v С. 19
1 210
d 2015
600 Персоналии _0
a Персоналии (Фамилия) Афанасенко
b Персоналии (Имя, инициалы) Н. И.
606 Тематические рубрики 0_
a Основная рубрика Афанасенко, Николай Иванович (1949)
610 Ключевые слова 0_
a Ключевые слова спортсмены
610 Ключевые слова 0_
a Ключевые слова ульяновские спортсмены
610 Ключевые слова 0_
a Ключевые слова спортсмены ульяновские
610 Ключевые слова 0_
a Ключевые слова Волга (хоккейные команды)
610 Ключевые слова 0_
a Ключевые слова хоккеисты
610 Ключевые слова 0_
a Ключевые слова ульяновские хоккеисты
610 Ключевые слова 0_
a Ключевые слова хоккеисты ульяновские
610 Ключевые слова 0_
a Ключевые слова хоккей с мячом
610 Ключевые слова 0_
a Ключевые слова чемпионаты мира по хоккею с мячом
610 Ключевые слова 0_
a Ключевые слова Заслуженные мастера спорта СССР
686 Индексы других классификаций __
a Классификационный индекс 75.579.6
2 Код системы ББК
700 Автор _1
a Фамилия Алексеев
b Имя (инициалы) А.
801 Источник записи _0
a Страна RU
b Организация МБУК ЦБС г. Ульяновска
c Дата составления 20151112
g Правила каталогизации RCR
801 Источник записи _1
a Страна RU
b Организация МБУК ЦБС г. Ульяновска
c Дата составления 20151112
g Правила каталогизации RCR
901 Тип документа __
t Тип документа f
w Контрольный № источника RU/CBS_Ul/BASE/500635877
910 Корректоры записи __
a Корректор записи Сидоркина
938 Служебная информация __
a Имя БД kraeved